Quaderno delle ragazze /

Đã lưu trong:
Chi tiết về thư mục
Tác giả khác: Casella, Antonella
Định dạng: Sách
Ngôn ngữ:Tiếng Italy
Được phát hành: [Bologna : Provincia di Bologna Pari opportunità, dopo il 1989]
Các nhãn: Thêm thẻ
Không có thẻ, Là người đầu tiên thẻ bản ghi này!

MARC

LEADER 00000nam a22000007i 4500
001 IT\ICCU\LIA\0453322
003 ItRI
005 20260115232443.0
008 031128s1989 it |||||| ||||| |||||c
040 |b ita  |c importazione bologna sebina 
041 7 |a ita  |2 ISO-639-2 
245 0 0 |a Quaderno delle ragazze /  |c [a cura di Antonella Casella]. 
260 |a [Bologna :  |b Provincia di Bologna Pari opportunità,  |c dopo il 1989]  |e (Bologna :  |f Tipografia moderna) 
300 |a 29 p. :  |b ill. ;  |c 21 cm 
500 |a Tit. della copertina 
700 1 |a Casella, Antonella  |0 IT\ICCU\RAVV\076826 
942 |2 ddc  |c BK  |n 0 
952 |0 0  |1 0  |4 0  |6 DOC_305_407000000000000_CAS  |7 0  |9 26041  |a BO  |b BO  |d 2026-01-15  |i 20829  |l 0  |o DOC 305.407 CAS  |p BO20829  |r 2026-01-15 23:24:43  |w 2026-01-15  |x [Sebina 7] [1 v.]  |y BK  |z 1 v. 
999 |c 22054  |d 22054